[Event "HON-ch qual1"]
[Site "San Pedro Sula"]
[Date "2019.11.19"]
[Round "3"]
[White "Velasquez Perez, Miguel"]
[Black "Caballero, Danery Javier"]
[Result "1/2-1/2"]
[WhiteElo "1518"]
[BlackElo "1704"]
[PlyCount "68"]
[EventDate "2019.11.18"]
[EventType "swiss"]
[EventRounds "7"]
[EventCountry "HON"]
[SourceTitle "EXT 2021"]
[Source "ChessBase"]
[SourceDate "2020.10.23"]
[SourceVersion "1"]
[SourceVersionDate "2020.10.23"]
[SourceQuality "1"]

1. e4 c5 2. Nf3 d6 3. d4 cxd4 4. Nxd4 Nf6 5. Nc3 a6 6. Bd3 Nbd7 7. 0-0 e6 8. b3 Qb6 9. Nf3 Be7 10. Bb2 Qc7 11. h3 b5 12. Ne2 Bb7 13. Ng3 0-0 14. Re1 Rfe8 15. Qd2 Rac8 16. Rac1 Qb6 17. c3 Nf8 18. Bb1 Ng6 19. b4 Nd7 20. Ba1 Nde5 21. Nxe5 Nxe5 22. Qf4 h6 23. Nh5 Bg5 24. Qg3 Ng6 25. Rcd1 e5 26. Bc2 Rc4 27. Kf1 Rd8 28. a3 Rc7 29. Bb3 Bh4 30. Qf3 Bg5 31. Ng3 Nh4 32. Qd3 Rcd7 33. Bd5 Ng6 34. Qf3 Nf4 1/2-1/2

[Event "HON-ch qual1"]
[Site "San Pedro Sula"]
[Date "2019.11.18"]
[Round "1"]
[White "Velasquez Perez, Miguel"]
[Black "Medina Viana, Ricardo"]
[Result "0-1"]
[WhiteElo "1518"]
[BlackElo "1992"]
[PlyCount "86"]
[EventDate "2019.11.18"]
[EventType "swiss"]
[EventRounds "7"]
[EventCountry "HON"]
[SourceTitle "EXT 2021"]
[Source "ChessBase"]
[SourceDate "2020.10.23"]
[SourceVersion "1"]
[SourceVersionDate "2020.10.23"]
[SourceQuality "1"]

1. e4 e5 2. Nf3 Nf6 3. Nxe5 Nc6 4. Nxc6 dxc6 5. d3 Bc5 6. Be2 h5 7. h3 Qd4 8. 0-0 Qe5 9. c3 Ng4 10. Bxg4 Bxg4 11. Qc2 Bb6 12. d4 Qe7 13. Na3 Be6 14. Be3 0-0-0 15. b4 g5 16. f4 gxf4 17. Rxf4 Rhg8 18. Kh1 Rg3 19. Bf2 Rg6 20. Bh4 f6 21. Raf1 Qd7 22. Rxf6 Rxf6 23. Rxf6 Rg8 24. Qf2 Qe8 25. Nb1 a6 26. a4 Ba7 27. a5 b5 28. Nd2 Kb7 29. Qf3 Qd7 30. Nf1 Re8 31. Ne3 Bxd4 32. cxd4 Qxd4 33. Qxh5 Bd7 34. Qc5 Qxe4 35. Ng4 Bxg4 36. Bf2 Bxh3 37. Qa7+ Kc8 38. Qa8+ Kd7 39. Rf7+ Kd6 40. Bg3+ Kd5 41. Qxc6+ Kxc6 42. Rxc7+ Kd5 43. Rc5+ Kd4 0-1